| 000 | 01351nam a22002417a 4500 | ||
|---|---|---|---|
| 001 | 9628 | ||
| 003 | FISKH | ||
| 005 | 20260126143235.0 | ||
| 008 | 260126b cb ||||| |||| 00| 0 eng d | ||
| 020 | _a9780099583097 | ||
| 040 |
_aFISKH _beng _cFISKH _dFISKH |
||
| 050 | _aPS3511 .R94 | ||
| 082 | _a811.52 | ||
| 100 | _a Frost, Robert | ||
| 245 |
_aThe collected poems / _cBy Robert Frost |
||
| 260 |
_aNew York : _bVintage Classics , _c1969 . |
||
| 300 |
_a607 pages : _billustrations ; _c20 cm . |
||
| 520 | _aDrawing upon everyday incidents, common situations, and rural imagery, Robert Frost fashioned poetry of great lyrical beauty and potent symbolism. His language is simple, clear, and colloquial, yet dense with meaning and wider significance. This brilliant collection features some of Frost's greatest works, including "The Road Not Taken," "Asking for Roses," "The Death of the Hired Man," "In the Home Stretch," "Into My Own," "Meeting and Passing," "Mending Wall," and more. These poems are brought to life by several award-winning performers including Susan Anspach, Roscoe Lee Browne, Elliott Gould, Arte Johnson, Melissa Manchester, Kevin McCarthy, Jean Smart, Michael Tucker, Alfre Woodard, and Efrem Zimbalist, Jr. | ||
| 650 |
_aPoetry _vFiction |
||
| 650 |
_aClassics _vFiction |
||
| 942 |
_2ddc _cBK _n0 |
||
| 999 |
_c9628 _d9628 |
||